| 000 | 00815nam a22001577a 4500 | ||
|---|---|---|---|
| 005 | 20260227013719.0 | ||
| 008 | 260227b |||||||| |||| 00| 0 eng d | ||
| 020 | _a9789719905400 | ||
| 040 | _cjhcsc | ||
| 082 | _a005.133 | ||
| 100 |
_910192 _aMarvin Reyes| Marsha Q. Superio | Carolina C. Sanchez | Maylani S. Gonsales | Marcelo T. Regalado Jr. | Niklai Kovalev | Mary Ann F. Quioc | Roy D. Dayrit | Ann Paula M. Parallag | Arnold C. Gundran _eAuthor |
||
| 245 |
_aFundamentals of Programming: C/C++ Language _cMarvin Reyes| Marsha Q. Superio | Carolina C. Sanchez | Maylani S. Gonsales | Marcelo T. Regalado Jr. | Niklai Kovalev | Mary Ann F. Quioc | Roy D. Dayrit | Ann Paula M. Parallag | Arnold C. Gundran |
||
| 260 |
_aManila _bMindshapers Co., Inc _cc2012 |
||
| 300 |
_aviii, 105 p _bill. |
||
| 942 |
_2ddc _cBOOK |
||
| 999 |
_c11376 _d11376 |
||